| Tag |
First Indicator |
Second Indicator |
Subfields |
| LEADER |
00000cam a2200000 a 4500 |
| 001 |
in00001042021 |
| 005 |
20150928123849.0 |
| 008 |
900123s1989 enk bd 001 0 eng |
| 010 |
|
|
|a 90107288
|
| 020 |
|
|
|a 0333488652
|
| 020 |
|
|
|a 0333488660 (pbk.)
|
| 035 |
|
|
|a (OCoLC)21760334
|
| 035 |
|
|
|9 AFG7208AM
|
| 040 |
|
|
|a DLC
|c DLC
|d TXA
|d UtOrBLW
|
| 049 |
|
|
|a TXAM
|
| 050 |
0 |
0 |
|a PR2997.P8
|b R82 1989
|
| 082 |
0 |
0 |
|a 822.3/3
|2 20
|
| 100 |
1 |
|
|a Rubinstein, Frankie.
|
| 245 |
1 |
2 |
|a A dictionary of Shakespeare's sexual puns and their significance /
|c Frankie Rubinstein.
|
| 250 |
|
|
|a 2nd ed.
|
| 264 |
|
1 |
|a Houndmills, Basingstoke, Hampshire :
|b Macmillan,
|c 1989.
|
| 300 |
|
|
|a xxiii, 372 pages ;
|c 25 cm.
|
| 336 |
|
|
|a text
|b txt
|2 rdacontent
|
| 337 |
|
|
|a unmediated
|b n
|2 rdamedia
|
| 338 |
|
|
|a volume
|b nc
|2 rdacarrier
|
| 504 |
|
|
|a Includes bibliographical references (pages 353-357) and index.
|
| 600 |
1 |
0 |
|a Shakespeare, William,
|d 1564-1616
|x Language
|v Glossaries, etc.
|
| 650 |
|
0 |
|a English language
|y Early modern, 1500-1700
|v Glossaries, vocabularies, etc.
|
| 650 |
|
0 |
|a Sex in literature
|x Dictionaries.
|
| 650 |
|
0 |
|a Puns and punning
|x Dictionaries.
|
| 999 |
|
|
|a MARS
|
| 999 |
f |
f |
|s a4909995-5f18-3648-8f5d-315bc314d497
|i b1481f1b-727c-324f-98c6-67561f7eec3e
|t 0
|
| 952 |
f |
f |
|p normal
|a Texas A&M University
|b College Station
|c Sterling C. Evans Library
|d Evans: Library Stacks
|t 0
|e PR2997.P8 R82 1989
|h Library of Congress classification
|i unmediated -- volume
|m A14815366824
|
| 998 |
f |
f |
|a PR2997.P8 R82 1989
|t 0
|l Evans: Library Stacks
|